000 02091nam0a2200385 4500
001 RU\NLR\BIBL_A\022162692
005 20240404114714.0
010 _a978-5-907753-39-6
_9200
021 _aRU
_bКН-П-24-005760
_9КН-П-24-0597
035 _a(NLR Aleph) 022162692
090 _a12927127
_c12927127
100 _a20240312d2023 u y0rusy50 ca
101 0 _arus
_aeng
102 _aRU
105 _ay j 000yy
181 0 _ai4
_baxxe
182 0 _an
200 1 _aЗападноевропейская литература XVII века
_eучебное пособие для бакалавриата
_fСомова Е. В., доктор филологических наук, доцент, Чернова Ю. В., кандидат филологических наук, Беляков Д. А., кандидат филологических наук, доцент, Будехин С. Ю., кандидат филологических наук, доцент
203 _aТекст
_bвизуальный
_cнепосредственный
210 _aКазань
_cБук
_d2023
215 _a160 с.
_d21
300 _aАвт. указаны на обороте тит. с.
300 _aЧасть текста на англ. яз.
320 _aБиблиогр. в конце гл., в подстроч. примеч. и в тексте
606 1 _aЗападноевропейская литература
_jУчебные издания для высших учебных заведений
_z17 в.
_91083547
_3RU\NLR\AUTH\66423877
686 1 _aШ5(0)44я73
701 1 _aСомова
_bЕ. В.
_gЕлена Викторовна
701 1 _aЧернова
_bЮ. В.
_cканд. филол. наук
_gЮлия Владимировна
_9243959
_3RU\NLR\AUTH\770244015
701 1 _aБеляков
_bД. А.
_gДмитрий Александрович
701 1 _aБудехин
_bС. Ю.
_gСергей Юрьевич
942 _cBOOK
980 _aNB